Statistics for [路線図付き] 埼玉県の鉄道 全駅名穴埋めクイズ

Click here to take the quiz!

General Stats

  • This quiz has been taken 601 times
  • The average score is 148 of 262

Answers on the Map

Answers color-coded by a green-red scale on the quiz's map according to % correct below.
 

Answer Stats

Answer% Correct
JR東 湘南新宿ラインJS24大宮
97%
JR東 上野東京ラインJU07大宮
97%
JR東 高崎大宮
97%
JR東 宇都宮線大宮
97%
ニューシャトルNS01大宮
97%
JR東 京浜東北線JK47大宮
97%
JR東 埼京・川越線JA26大宮
97%
東武 野田線TD01大宮
97%
JR東 埼京・川越線川越
94%
東武 東上線TJ21川越
94%
JR東 上野東京ラインJU05浦和
93%
JR東 京浜東北線JK43浦和
93%
JR東 湘南新宿ラインJS23浦和
93%
JR東 京浜東北線JK46さいたま新都心
92%
JR東 上野東京ラインJU06さいたま新都心
92%
JR東 武蔵野線JM25南浦和
92%
JR東 京浜東北線JK42南浦和
92%
JR東 京浜東北線JK39川口
89%
東武 東上線TJ11和光市
88%
JR東 高崎熊谷
88%
秩父鉄道 秩父本線熊谷
88%
東京メトロ 有楽町線Y01和光市
88%
JR東 京浜東北線JK45与野
88%
東京メトロ 副都心線F01和光市
88%
JR東 武蔵野線JM26武蔵浦和
88%
JR東 京浜東北線JK44北浦和
88%
JR東 埼京・川越線JA21武蔵浦和
88%
東武 スカイツリーラインTS21越谷
87%
東武 スカイツリーラインTS27春日部
84%
埼玉高速鉄道線SR26浦和美園
84%
東武 野田線TD10春日部
84%
西武 池袋線SI17所沢
83%
JR東 京浜東北線JK41
83%
JR東 武蔵野線JM24東浦和
83%
西武 新宿線SS22所沢
83%
JR東 高崎本庄
82%
JR東 京浜東北線JK40西川口
82%
JR東 埼京・川越線JA25北与野
81%
JR東 埼京・川越線JA24与野本町
81%
JR東 埼京・川越線JA19戸田
81%
東武 伊勢崎線TI02久喜
81%
JR東 宇都宮線久喜
81%
JR東 武蔵野線JM27西浦和
81%
JR東 武蔵野線JM22南越谷
81%
JR東 武蔵野線JM21越谷レイクタウン
81%
東武 東上線TJ12朝霞
80%
JR東 埼京・川越線JA18戸田公園
79%
埼玉高速鉄道線SR25東川口
79%
JR東 武蔵野線JM23東川口
79%
東武 東上線TJ22川越市
79%
JR東 高崎上尾
79%
西武 池袋線SI28高麗
78%
JR東 八高線寄居
77%
JR東 八高線高麗川
77%
東武 東上線TJ39寄居
77%
秩父鉄道 秩父本線寄居
77%
JR東 埼京・川越線高麗川
77%
JR東 武蔵野線JM17三郷
77%
西武 新宿線SS29本川越
76%
JR東 八高線小川町
76%
JR東 埼京・川越線JA23南与野
76%
JR東 高崎深谷
76%
東武 東上線TJ33小川町
76%
JR東 武蔵野線JM20吉川
76%
JR東 武蔵野線JM28北朝霞
76%
東武 日光線TS30東武動物公園
75%
東武 東上線TJ13朝霞台
75%
西武 西武秩父線SI36西武秩父
75%
東武 伊勢崎線TS30東武動物公園
75%
JR東 高崎鴻巣
75%
JR東 八高線越生
75%
JR東 埼京・川越線JA20北戸田
75%
東武 スカイツリーラインTS30東武動物公園
75%
西武 池袋線SI26飯能
75%
東武 越生線TJ4越生
75%
東武 日光線TN04栗橋
74%
JR東 宇都宮線栗橋
74%
JR東 高崎桶川
74%
JR東 上越・北陸新幹線本庄早稲田
73%
秩父鉄道 秩父本線秩父
73%
JR東 高崎籠原
73%
JR東 高崎北上尾
73%
JR東 高崎行田
73%
JR東 武蔵野線JM30東所沢
73%
JR東 宇都宮線東大宮
73%
JR東 埼京・川越線西大宮
72%
JR東 埼京・川越線JA22中浦和
72%
東武 スカイツリーラインTS16草加
72%
東武 東上線TJ14志木
71%
JR東 武蔵野線JM18新三郷
71%
JR東 武蔵野線JM19吉川美南
71%
東武 日光線TN03南栗橋
71%
JR東 高崎宮原
71%
西武 池袋線SI27東飯能
70%
東武 スカイツリーラインTS20新越谷
70%
JR東 宇都宮線土呂
70%
JR東 八高線東飯能
70%
JR東 宇都宮線蓮田
69%
東武 東上線TJ30森林公園
69%
東武 伊勢崎線TI07羽生
69%
秩父鉄道 秩父本線羽生
69%
ニューシャトルNS02鉄道博物館
69%
JR東 高崎北本
68%
東武 スカイツリーラインTS28北春日部
68%
JR東 高崎北鴻巣
68%
東武 東上線TJ18ふじみ野
68%
JR東 武蔵野線JM29新座
68%
東武 野田線TD02北大宮
67%
JR東 埼京・川越線南古谷
66%
東武 越生線TJ26坂戸
66%
西武 狭山線SI18西所沢
66%
東武 東上線TJ26坂戸
66%
JR東 宇都宮線白岡
66%
西武 池袋線SI18西所沢
66%
JR東 埼京・川越線日進
66%
東武 スカイツリーラインTS22北越谷
65%
秩父鉄道 秩父本線長瀞
65%
JR東 埼京・川越線指扇
64%
JR東 宇都宮線新白岡
63%
東武 野田線TD06岩槻
63%
西武 狭山線SI41西武球場前
63%
西武 山口線SY03西武球場前
63%
秩父鉄道 秩父本線御花畑
63%
東武 スカイツリーラインTS24せんげん台
62%
東武 野田線TD03大宮公園
61%
東武 東上線TJ29東松山
61%
秩父鉄道 秩父本線三峰口
60%
つくばエクスプレス08八潮
60%
JR東 宇都宮線東鷲宮
60%
西武 新宿線SS23航空公園
59%
JR東 高崎吹上
59%
西武 新宿線SS24新所沢
59%
西武 池袋線SI23入間市
59%
西武 新宿線SS26狭山市
58%
東武 東上線TJ24鶴ヶ島
58%
JR東 高崎神保原
58%
JR東 埼京・川越線西川越
57%
西武 池袋線SI19小手指
56%
東武 東上線TJ19上福岡
55%
JR東 高崎岡部
54%
東武 日光線TN02幸手
54%
西武 池袋線SI31吾野
54%
西武 西武秩父線SI31吾野
54%
西武 西武秩父線SI35横瀬
53%
東武 東上線TJ32武蔵嵐山
53%
東武 東上線TJ27北坂戸
50%
東武 日光線TN01杉戸高野台
50%
東武 東上線TJ20新河岸
50%
東武 伊勢崎線TI03鷲宮
50%
つくばエクスプレス09三郷中央
50%
東武 東上線TJ23霞ヶ関
49%
東武 東上線TJ35みなみ寄居
49%
東武 東上線TJ15柳瀬川
49%
埼玉高速鉄道線SR22鳩ケ谷
48%
東武 東上線TJ17鶴瀬
47%
東武 スカイツリーラインTS29姫宮
47%
ニューシャトルNS13内宿
47%
東武 スカイツリーラインTS17獨協大学前
47%
東武 東上線TJ28高坂
46%
東武 東上線TJ31つきのわ
46%
東武 東上線TJ36男衾
46%
埼玉高速鉄道線SR20川口元郷
46%
東武 野田線TD07東岩槻
46%
秩父鉄道 秩父本線行田市
45%
東武 東上線TJ16みずほ台
45%
西武 狭山線SI40下山口
45%
東武 東上線TJ25若葉
45%
西武 西武秩父線SI33正丸
44%
JR東 埼京・川越線的場
44%
東武 伊勢崎線TI01和戸
44%
東武 スカイツリーラインTS26一ノ割
44%
西武 新宿線SS27新狭山
44%
東武 伊勢崎線TI05加須
43%
西武 池袋線SI30東吾野
43%
西武 西武秩父線SI32西吾野
43%
東武 スカイツリーラインTS25武里
42%
西武 池袋線SI24仏子
42%
埼玉高速鉄道線SR24戸塚安行
42%
東武 東上線TJ34東武竹沢
42%
埼玉高速鉄道線SR21南鳩ヶ谷
42%
東武 スカイツリーラインTS23大袋
41%
東武 スカイツリーラインTS19蒲生
41%
西武 山口線SY02西武園ゆうえんち
40%
JR東 八高線金子
40%
JR東 八高線児玉
40%
西武 西武秩父線SI34芦ヶ久保
40%
西武 新宿線SS28南大塚
40%
東武 スカイツリーラインTS15谷塚
40%
東武 スカイツリーラインTS18新田
40%
JR東 八高線毛呂
39%
JR東 埼京・川越線武蔵高萩
39%
西武 池袋線SI20狭山ヶ丘
39%
秩父鉄道 秩父本線ふかや花園
39%
東武 野田線TD11藤の牛島
38%
JR東 八高線竹沢
38%
東武 日光線TN05新古河
38%
西武 池袋線SI22稲荷山公園
37%
西武 新宿線SS25入曽
36%
東武 東上線TJ37鉢形
36%
埼玉高速鉄道線SR23新井宿
35%
西武 池袋線SI25元加治
35%
秩父鉄道 秩父本線小前田
35%
西武 池袋線SI21武蔵藤沢
35%
東武 伊勢崎線TI06南羽生
35%
秩父鉄道 秩父本線ソシオ流通センター
34%
秩父鉄道 秩父本線影森
34%
東武 野田線TD04大和田
33%
ニューシャトルNS11伊奈中央
33%
東武 伊勢崎線TI04花崎
33%
東武 東上線TJ38玉淀
33%
東武 野田線TD05七里
33%
秩父鉄道 秩父本線上熊谷
32%
秩父鉄道 秩父本線上長瀞
32%
ニューシャトルNS09丸山
32%
西武 池袋線SI29武蔵横手
30%
JR東 八高線明覚
30%
JR東 埼京・川越線笠幡
30%
東武 越生線TJ4一本松
30%
秩父鉄道 秩父本線西羽生
30%
秩父鉄道 秩父本線ひろせ野鳥の森
30%
東武 野田線TD12南桜井
29%
東武 野田線TD09八木崎
29%
秩父鉄道 秩父本線皆野
29%
東武 日光線TN06柳生
28%
JR東 八高線丹荘
28%
ニューシャトルNS07原市
27%
秩父鉄道 秩父本線和銅黒谷
27%
秩父鉄道 秩父本線東行田
26%
東武 野田線TD08豊春
26%
JR東 八高線用土
26%
ニューシャトルNS04東宮原
24%
秩父鉄道 秩父本線野上
23%
秩父鉄道 秩父本線波久礼
23%
ニューシャトルNS03加茂宮
23%
秩父鉄道 秩父本線武州荒木
23%
秩父鉄道 秩父本線樋口
23%
JR東 八高線松久
22%
秩父鉄道 秩父本線武川
22%
秩父鉄道 秩父本線持田
22%
東武 越生線TJ4武州長瀬
22%
秩父鉄道 秩父本線石原
21%
秩父鉄道 秩父本線浦山口
21%
秩父鉄道 秩父本線白久
21%
東武 越生線TJ4川角
21%
東武 越生線TJ4武州唐沢
21%
ニューシャトルNS12羽貫
21%
秩父鉄道 秩父本線桜沢
20%
JR東 八高線折原
20%
東武 越生線TJ4東毛呂
20%
秩父鉄道 秩父本線武州日野
19%
秩父鉄道 秩父本線親鼻
19%
秩父鉄道 秩父本線大野原
19%
秩父鉄道 秩父本線武州中川
18%
ニューシャトルNS08沼南
18%
ニューシャトルNS05今羽
18%
秩父鉄道 秩父本線新郷
18%
秩父鉄道 秩父本線大麻生
18%
ニューシャトルNS06吉野原
16%
秩父鉄道 秩父本線永田
16%
秩父鉄道 秩父本線明戸
16%
ニューシャトルNS10志久
15%
東武 越生線TJ4西大家
13%

Score Distribution

Percentile by Number Answered

Percent of People with Each Score

Your Score History

You have not taken this quiz